000 00478nam a2200181Ia 4500
001 18461
005 20260306171632.0
008 260306s9999||||xx |||||||||||||| ||und||
041 _aESP
082 _a658.4052
_bF58
100 _aFlint Blanck, Pinkas José
_eAUT
245 0 _aNegociaciones eficaces:
_bimplemente las mejores estrategias y tácticas
260 _c2001
300 _a283 páginas :
_c23 cm.
650 _aGEN
654 _aCAN
942 _cLIB
_dJUS
_fJUS
_2ddc
_n
999 _c18461
_d18461